1300 1896 1767 1316 1969 1227 1886 1199 1785 1348 1158 1924 1087 1361 1451 1162 1791 1559 1179 1824 1954 1137 1422 1227 1352 1855 1175 1605 1501 1265 1109 1702 1485 1457 1135 1813 1333 1930 1285 1963 1731 1148 1595 1169 1719 1046 1863 1728 1008 1011 1467 1233 1774 1555 1319 1698 1334 1958 1599 1025 1562 1146 1821 1772 1059 1974 1607 1326 1370 1441 1398 1741 1985 1662 1826 1902 1759 1812 1922 1409 1366 1508 1589 1354 1715 1650 1934 1846 1088 1501 1195 1301 1450 1534 1696 1353 1324 1035 1695 BCNSPRNW ULIB Ver.6.0+V

เปลี่ยนเป็นภาษาไทย

Change to English
 แสดงรายละเอียดบรรณานุกรม
  กลับหน้าหลัก

Brief Record : Get Marc (ISO 2709) : E-mail record : QR code < ปิดหน้าต่าง
LEADER : 00000nam 2200000uu 4500
001    13399110462
003     ULIB
008    110601s2008||||th 000 0 eng d
020    0335223532
024    9780335223534
082 04 WY101^bR289h 2008
245 00 The handbook for advanced primary care nurses^cedited by Rebecca neno and debby price
260    England:^bMcGrawHill^c2008
300    234 p
650  7 Primary care nurese
700 1  Rebecca neno
700 1  debby price
945    ^p0^l0^i030105
995    Kesorn
999 ^a ใช้งานได้ทุกระบบ
รายการนี้ยังไม่มีแท็ก
คุณยังไม่ได้ล็อกอิน คุณสามารถมีกิจกรรมร่วมกับเว็บไซต์ได้ แต่ต้องล็อกอินก่อน ::
  ล็อกอิน

รายการสื่อสารสนเทศ

ลำดับที่ ประเภท เลขเรียก/บาร์โค้ด สถานที่ สถานะ
- ไม่พบข้อมูล -

BibComment


ยังไม่เคยถูกคอมเมนท์

คอมเมนท์ทรัพยากรรายการนี้
  คอมเมนท์: The handbook for ..


 Copyright 2026. Bcnsprnw @Library